000 00450nam a2200169 a 4500
001 000027665
005 20200930031012.0
008 110404s1988 dr 000 0 spa d
040 _aDO-SdBNP
_bspa
_cBNPHU
082 _axx
_bH473n
100 1 _aHeisen, Franz
_954752
245 1 0 _aNuestros hijos /
_cFranz Heisen.
260 _aSanto Domingo :
_bTaller,
_c1988.
300 _a196 p. ;
_c19 cm.
504 _aBibliografías p.194-196
049 _aBNPD
999 _c27157
_d27157